|
|
|
|
| LEADER |
01414nam a2200361 a 4500 |
| 001 |
EBC3012323 |
| 003 |
MiAaPQ |
| 005 |
20200520144314.0 |
| 006 |
m o d | |
| 007 |
cr cn||||||||| |
| 008 |
980304s1997 sz sb i000 0 eng d |
| 010 |
|
|
|z 98122238
|
| 020 |
|
|
|z 9221103293
|
| 035 |
|
|
|a (MiAaPQ)EBC3012323
|
| 035 |
|
|
|a (Au-PeEL)EBL3012323
|
| 035 |
|
|
|a (CaPaEBR)ebr10004918
|
| 035 |
|
|
|a (CaONFJC)MIL183
|
| 035 |
|
|
|a (OCoLC)927198771
|
| 040 |
|
|
|a MiAaPQ
|c MiAaPQ
|d MiAaPQ
|
| 050 |
|
4 |
|a K1763
|b .P76 1997
|
| 245 |
0 |
0 |
|a Protection of workers' personal data
|h [electronic resource].
|
| 260 |
|
|
|a Geneva :
|b International Labour Office,
|c 1997.
|
| 300 |
|
|
|a ix, 47 p.
|
| 490 |
1 |
|
|a An ILO code of practice
|
| 500 |
|
|
|a "Adopted by a Meeting of Experts on Worker's Privacy of the ILO ... convened in Geneva from 1 to 7 October 1996"--P. v.
|
| 504 |
|
|
|a Includes bibliographical references.
|
| 533 |
|
|
|a Electronic reproduction. Ann Arbor, MI : ProQuest, 2015. Available via World Wide Web. Access may be limited to ProQuest affiliated libraries.
|
| 650 |
|
0 |
|a Personnel records
|x Law and legislation.
|
| 650 |
|
0 |
|a Data protection
|x Law and legislation.
|
| 655 |
|
4 |
|a Electronic books.
|
| 710 |
2 |
|
|a ProQuest (Firm)
|
| 810 |
2 |
|
|a International Labour Office.
|t ILO codes of practice.
|
| 856 |
4 |
0 |
|u https://ebookcentral.proquest.com/lib/matrademy/detail.action?docID=3012323
|z Click to View
|